Domov sociálnych služieb pre seniorov
Saved in:
| Main Author: | |
|---|---|
| Other Authors: | |
| Format: | Manuscript Book |
| Language: | Slovak |
| Published: |
2024
|
| Subjects: | |
| Online Access: | http://is.stuba.sk/zp/portal_zp.pl?podrobnosti=175972 https://opac.crzp.sk/?fn=detailBiblioForm&sid=2AE6DDBEFC900DBBA653AB3C8A40 |
| Tags: |
No Tags, Be the first to tag this record!
|
MARC
| LEADER | 00000ntm a22000003a 4500 | ||
|---|---|---|---|
| 001 | stuzp99246 | ||
| 003 | SK-STU | ||
| 005 | 20240919142112.7 | ||
| 007 | ta | ||
| 008 | 150427s2015----xo-----f-mn---000-0-slo-d | ||
| 040 | |a STU |b slo | ||
| 041 | 0 | |a slo | |
| 100 | 1 | |a Franczová, Claudia |u 010180 |4 aut |U SvF Stavebná fakulta |T SvF Katedra konštrukcií pozemných stavieb |X 98177 |U V180 |Y 18 |7 98177 | |
| 242 | 0 | 1 | |a The retirement house |y eng |
| 245 | 1 | 0 | |a Domov sociálnych služieb pre seniorov |
| 260 | |c 2024 | ||
| 650 | 4 | |a domov sociálnych služieb pre seniorov |2 slo | |
| 650 | 4 | |a bezbariérovosť |2 slo | |
| 650 | 4 | |a Rovinka |2 slo | |
| 650 | 4 | |a diplomová práca |2 slo | |
| 650 | 4 | |a prevetrávaná fasáda |2 slo | |
| 650 | 4 | |a zdravotnícke zariadenie |2 slo | |
| 650 | 4 | |a rehabilitácia |2 slo | |
| 650 | 4 | |a ubytovanie |2 slo | |
| 650 | 4 | |a rehabilitation |2 eng | |
| 650 | 4 | |a accommodation |2 eng | |
| 650 | 4 | |a the retirement house |2 eng | |
| 650 | 4 | |a barrier-free |2 eng | |
| 650 | 4 | |a Rovinka |2 eng | |
| 650 | 4 | |a diploma thesis |2 eng | |
| 650 | 4 | |a ventilated facade |2 eng | |
| 650 | 4 | |a medical facility |2 eng | |
| 700 | 1 | |a Ingeli, Rastislav |u 010180 |k Z1 |4 ths |U SvF Stavebná fakulta |T SvF Katedra konštrukcií pozemných stavieb |X 23863 |U V180 |Y 18 |7 A000023863 | |
| 856 | 4 | |u http://is.stuba.sk/zp/portal_zp.pl?podrobnosti=175972 | |
| 856 | 4 | |u https://opac.crzp.sk/?fn=detailBiblioForm&sid=2AE6DDBEFC900DBBA653AB3C8A40 | |